Cultural transformation and Human rights in Africa (Record no. 18412)
[ view plain ]
| 000 -LEADER | |
|---|---|
| fixed length control field | 00503nam a22001817a 4500 |
| 003 - CONTROL NUMBER IDENTIFIER | |
| control field | OSt |
| 005 - DATE AND TIME OF LATEST TRANSACTION | |
| control field | 20240417102206.0 |
| 008 - FIXED-LENGTH DATA ELEMENTS--GENERAL INFORMATION | |
| fixed length control field | 240417b |||||||| |||| 00| 0 eng d |
| 020 ## - INTERNATIONAL STANDARD BOOK NUMBER | |
| International Standard Book Number | 0971842770917 |
| 040 ## - CATALOGING SOURCE | |
| Original cataloging agency | SEKU |
| 050 ## - LIBRARY OF CONGRESS CALL NUMBER | |
| Classification number | E 99 |
| Item number | .A56 |
| 100 ## - MAIN ENTRY--PERSONAL NAME | |
| Personal name | An-na-'im A, Abudullahi |
| 245 ## - TITLE STATEMENT | |
| Title | Cultural transformation and Human rights in Africa |
| 260 ## - PUBLICATION, DISTRIBUTION, ETC. (IMPRINT) | |
| Place of publication, distribution, etc. | New York: |
| Name of publisher, distributor, etc. | Zed Books, |
| Date of publication, distribution, etc. | 2008. |
| 300 ## - PHYSICAL DESCRIPTION | |
| Extent | 209p.: |
| 650 ## - SUBJECT ADDED ENTRY--TOPICAL TERM | |
| Topical term or geographic name as entry element | Relocation |
| General subdivision | Cultural assimilation |
| 942 ## - ADDED ENTRY ELEMENTS (KOHA) | |
| Source of classification or shelving scheme | Library of Congress Classification |
| Koha item type | General circulation |
| Withdrawn status | Lost status | Source of classification or shelving scheme | Damaged status | Not for loan | Home library | Current library | Shelving location | Date acquired | Source of acquisition | Total Checkouts | Full call number | Barcode | Date last seen | Price effective from | Koha item type |
|---|---|---|---|---|---|---|---|---|---|---|---|---|---|---|---|
| Library of Congress Classification | School of Law Library | School of Law Library | General Stacks | 17/04/2024 | Purchase | E 99 .A56 | 2024/026441 | 17/04/2024 | 17/04/2024 | General circulation | |||||
| Library of Congress Classification | School of Law Library | School of Law Library | General Stacks | 17/04/2024 | Purchase | E 99 .A56 | 2024/026436 | 17/04/2024 | 17/04/2024 | General circulation | |||||
| Library of Congress Classification | School of Law Library | School of Law Library | General Stacks | 17/04/2024 | Purchase | E 99 .A56 | 2024/026438 | 17/04/2024 | 17/04/2024 | General circulation | |||||
| Library of Congress Classification | School of Law Library | School of Law Library | General Stacks | 17/04/2024 | Purchase | E 99 .A56 | 2024/026439 | 17/04/2024 | 17/04/2024 | General circulation | |||||
| Library of Congress Classification | School of Law Library | School of Law Library | General Stacks | 17/04/2024 | Purchase | E 99 .A56 | 2024/026440 | 17/04/2024 | 17/04/2024 | General circulation |